000
00371nam a22001337a 4500
999
_c
534651
_d
534651
082
_a
891.4393
100
_a
Ahmed, Muhammad Mudassar
245
_a
Soch Kay Paiwand /
_c
Muhammad Mudassar Ahmed
260
_a
Islamabad :
_b
Emal Publication,
_c
2017.
300
_a
111 p.
942
_2
ddc
_c
BK